000 00926nmc a2200349 a 4500
003 AR-BaBNM
005 20251128210733.0
008 091020s2000 ||||||||||||||000 | spa||
020 _a987-9065-05-0
040 _cAR-BaBNM
100 1 _aSchwartz, Joseph
245 1 0 _aEinstein para principiantes
260 _aBuenos Aires
_bErrepar
_c2000
300 0 _a168 p.
_bil.
490 0 _aPara principiantes
_vv. 3
600 1 4 _aEinstein, Albert
650 4 _aBIOGRAFIAS
650 4 _aSIGLO VEINTE
650 4 _aCIENTIFICOS
650 4 _aACTIVIDADES CIENTIFICAS
650 4 _aFISICA
650 4 _aRELATIVIDAD
650 4 _aDIVULGACION CIENTIFICA
650 4 _aHISTORIA DE LAS CIENCIAS
653 0 _aHISTORIETAS
655 _aBIOGRAFIAS
700 1 _aMcGuinness, Michael
_eilustrador
700 1 _aGrossman, Paula
_etraductor
800 1 _aKreimer, Juan Carlos
_edirector
942 _cBK
998 _cMARTIN
999 _c16676
_d16676